000 00507nam a2200217Ia 4500
003 0100
008 130303s9999 xx 000 0 und d
040 _cARRUPELIB
050 _aHX828.G813 1970
100 _aGuerin, Daniel
245 _aAnarchism
245 _bfrom theory to practice
260 _aNew York
260 _bMonthly Review Press
260 _C1970
300 _a166p.
300 _b 23 cm
650 _bKnowledge, theory of
700 _aKlopper, Mary (tr.)
942 _2lcc
_01
999 _c61749
_d61749